Sports Quiz

Random Sports or Baseball Quiz

Baseball Hall of Famers 2 **Pictures** Quiz Stats

 Plays Quiz not verified by Sporcle

Challenge
Share
Tweet
Score 0/28 Timer 04:00
0 Plays Today
Picture Hall of Famer % Correct
6CTom Seaver
82.4%
6BRyne Sandberg
82%
5AWillie McCovey
80.8%
6ABrooks Robinson
79.2%
1BLou Brock
77.1%
7AWillie Stargell
74.7%
2ADon Drysdale
68.6%
3DAl Kaline
68.2%
3CWalter Johnson
63.7%
6DWarren Spahn
63.7%
1CRoy Campanella
62.9%
3BFerguson Jenkins
62.9%
4BJuan Marichal
59.6%
1ALuis Aparicio
56.7%
Picture Hall of Famer % Correct
5DPhil Rizzuto
56.7%
2CJimmie Foxx
52.2%
3ACatfish Hunter
51%
5CPeeWee Reese
51%
2BBob Feller
50.2%
7DCy Young
46.1%
4DBill Mazeroski
44.1%
5BGaylord Perry
44.1%
7BDon Sutton
43.7%
1DLarry Doby
35.9%
4CChristy Mathewson
34.3%
2DRogers Hornsby
33.9%
4ANap Lajoie
32.7%
7CHack Wilson
25.3%

You're not logged in!

Compare scores with friends on all Sporcle quizzes.
Join for Free
OR
Log In

You Might Also Like...

Show Comments

Extras

Top Quizzes Today


Score Distribution

Your Account Isn't Verified!

In order to create a playlist on Sporcle, you need to verify the email address you used during registration. Go to your Sporcle Settings to finish the process.

Report this User

Report this user for behavior that violates our Community Guidelines.

Details: